Marxism and the U.S.A. / (Record no. 763567)

MARC details
000 -LEADER
fixed length control field 00977nam a2200313 a 4500
001 - CONTROL NUMBER
control field vtls000940465
003 - CONTROL NUMBER IDENTIFIER
control field NLI
005 - DATE AND TIME OF LATEST TRANSACTION
control field 20210627091235.0
008 - FIXED-LENGTH DATA ELEMENTS--GENERAL INFORMATION
fixed length control field 111102 2009 ii e 000 0 eng d
020 ## - INTERNATIONAL STANDARD BOOK NUMBER
International Standard Book Number 9788189833589 : (pbk)
Terms of availability 275.00
039 #9 - LEVEL OF BIBLIOGRAPHIC CONTROL AND CODING DETAIL [OBSOLETE]
Level of rules in bibliographic description 201111211832
Level of effort used to assign nonsubject heading access points ezajulh
-- 201111021642
-- ezajulh
040 ## - CATALOGING SOURCE
Original cataloging agency NLI
Language of cataloging eng
044 ## - COUNTRY OF PUBLISHING/PRODUCING ENTITY CODE
MARC country code ii
082 04 - DEWEY DECIMAL CLASSIFICATION NUMBER
Classification number 335.430973
Edition number 22
100 1# - MAIN ENTRY--PERSONAL NAME
Personal name Woods, Alan,
Dates associated with a name 1944-
9 (RLIN) 884983
245 10 - TITLE STATEMENT
Title Marxism and the U.S.A. /
Statement of responsibility, etc. Alan Woods
260 ## - PUBLICATION, DISTRIBUTION, ETC.
Place of publication, distribution, etc. Delhi :
Name of publisher, distributor, etc. Aakar Books,
Date of publication, distribution, etc. c2009
300 ## - PHYSICAL DESCRIPTION
Extent xiv, 322 p. ;
Dimensions 21 cm.
650 #0 - SUBJECT ADDED ENTRY--TOPICAL TERM
Topical term or geographic name entry element Communism
Geographic subdivision United States
9 (RLIN) 699520
650 #0 - SUBJECT ADDED ENTRY--TOPICAL TERM
Topical term or geographic name entry element Socialism
Geographic subdivision United States
9 (RLIN) 859394
887 ## - NON-MARC INFORMATION FIELD
Content of non-MARC field E. Haque
901 ## - LOCAL DATA ELEMENT A, LDA (RLIN)
a DB113042 :
b 11.08.09
902 ## - LOCAL DATA ELEMENT B, LDB (RLIN)
a E 335.430973 W 861
904 ## - LOCAL DATA ELEMENT D, LDD (RLIN)
a E. Haque
949 ## - LOCAL PROCESSING INFORMATION (OCLC)
-- VIRTUAITEM
-- 10000
-- 100
6 DBA000113042ENG
942 ## - ADDED ENTRY ELEMENTS (KOHA)
Source of classification or shelving scheme Dewey Decimal Classification
Koha item type Books
Holdings
Withdrawn status Lost status Damaged status Not for loan Collection code Home library Current library Shelving location Date acquired Total Checkouts Full call number Barcode Date last seen Cost, replacement price Price effective from Koha item type
        New English National Library of India National Library of India New English - Main Stack Division     E 335.430973 W 861 DBA000113042ENG 27/06/2021 275.00 27/06/2021 Books
                                                                           
web counter

Copyright ©2020 The National Library of India, Govt. of India ↔ Hosted by NVLI, MOC ↔ Technology and Design by National Library of India, Ministry of Culture, Govt. of India